Intermediate microeconomics : a modern approach

में बचाया:
ग्रंथसूची विवरण
मुख्य लेखक: Varian, Hal R.
स्वरूप: पुस्तक
प्रकाशित: EWP
टैग: टैग जोड़ें
कोई टैग नहीं, इस रिकॉर्ड को टैग करने वाले पहले व्यक्ति बनें!

MARC

LEADER 00000nam a2200000Ia 4500
005 20260515061614.0
100 |a Varian, Hal R. 
020 |a 9788176710657 
942 |c BK 
245 |a Intermediate microeconomics : a modern approach  
260 |b EWP 
999 |c 2  |d 2 
952 |0 0  |1 0  |4 0  |7 0  |a ABDN  |b ABDN  |d 2026-05-15  |l 0  |p 000065  |r 2026-05-15 06:16:14  |w 2026-05-15  |y BK